| 000 | 00935 am a2200289ua 4500 | ||
|---|---|---|---|
| 001 | 011307187 | ||
| 005 | 20140302113042.0 | ||
| 008 | 880120s1987 xxkadk grd 001 0 eng d | ||
| 020 | _a0140091254 (pbk) | ||
| 020 | _a9780140091250 | ||
| 040 |
_aUk _cUk |
||
| 082 | 0 | 4 |
_a658.003 _222 _bPEN |
| 245 | 0 | 0 |
_aPenguin management handbook / _cedited by Thomas Kempner. |
| 246 | 3 | 4 | _aThe Penguin management handbook / |
| 250 |
_a4th ed., _bnew ed. |
||
| 260 |
_aMiddlesex, Unite Kingdom : _bPenguin Books, _c1987. |
||
| 300 |
_axxxi, 575 p. : _bchart, forms, tables ; _c20 cm. |
||
| 490 | 0 | _aPenguin reference books | |
| 490 | 1 | _aThe Penguin Business Library | |
| 500 | _aIncludes index. | ||
| 650 | 0 |
_aManagement _935049 _vDictionaries |
|
| 653 |
_bBUSADM _cFebruary2014 |
||
| 655 |
_vreading book _934232 |
||
| 700 | 1 |
_aKempner, Thomas _935051 _eeditor. |
|
| 830 | 4 |
_aThe Penguin Business Library _935052 |
|
| 942 |
_2ddc _k658.003 PEN |
||
| 999 |
_c18018 _d17990 |
||